000 01222nam a22003737a 4500
003 CHAP
005 20220817044538.0
008 120903s20112012it rn 00010 eng d
010 _a103835
011 _a104807
020 0 _a9789251070741
035 _a115497
040 _cCHAP
090 _bFolleto 17033y v.21
110 2 _aFAO
245 1 0 _aTraditional fermented food and beverages for improved livelihoods
_c/por Elaine Marshall y Danilo Mejia
260 _aRoma :
_bFAO,
_c2011
300 _avii, 79 p. :
_bilus.
490 0 _aFolleto de la FAO sobre diversificación
_v; 21
590 _aBATCH-UPD
_b10
_c20130110
_lUCH01
_h1345
590 _aBATCH-UPD
_b10
_c20130410
_lUCH01
_h0844
590 _aBATCH-UPD
_b10
_c20130914
_lUCH01
_h0226
590 _aCONVERSION
_b10
_c20130109
_lUCH01
_h1357
650 1 4 _aAlimentación.
_94109
650 1 4 _aAlimentos
_xConsumo.
_94181
650 1 4 _aBebidas.
_911110
650 1 4 _aFermentación.
_940083
700 1 _aMarshall, Elaine
_971604
700 1 _aMejía-Lorio, Danilo J.
_974294
830 0 0 _aFolleto de la FAO sobre diversificación
_v; 21
_942040
901 _aBK
942 _cFOLL
949 _aFolleto 17033y v.21
_bBC
_cFAO
_d33724002346264
_eFAO1
_i115497
_st
999 _c103835
_d103835